000 00341nam a2200133Ia 4500
008 240624s9999 xx 000 0 und d
041 _aeng
082 _a658.314 KID
100 _aKIDWELL ROLAND E
245 _aMANAGING ORGANIZATIONAL DEVIANCE
260 _c2005
_aLondon
_bSage
300 _axvii, : 357 : p. : cm. ; 25
365 _cGBP
_b38
999 _c24336
_d24336